De cómo Europa subdesarrolló a Africa

Gardado en:
Detalles Bibliográficos
Autor Principal: Rodney, Walter
Formato: Libro
Idioma:Undetermined
Publicado: México, Distrito Federal Siglo Veintiuno 1982
Materias:
Etiquetas: Engadir etiqueta
Sen Etiquetas, Sexa o primeiro en etiquetar este rexistro!

MARC

LEADER 00000nam a2200000Ia 4500
008 170316s9999 xx 000 0 und d
090 |a 100 R-24.1c 
100 |a Rodney, Walter 
245 |a De cómo Europa subdesarrolló a Africa 
260 |a México, Distrito Federal 
260 |b Siglo Veintiuno 
260 |c 1982 
300 |a 346 páginas 
650 |a FILOSOFÍA 
999 |c 17419  |d 17419 
040 |a cru BVZT 
942 |c 15 D  |h 100 R-24.1c  |2 z